Services trade and development (Record no. 136200)
[ view plain ]
| 000 -LEADER | |
|---|---|
| fixed length control field | 01914nam a2200493 a 4500 |
| 082 04 - DEWEY DECIMAL CLASSIFICATION NUMBER | |
| Classification number | 338.4096894 |
| 245 00 - TITLE STATEMENT | |
| Title | Services trade and development |
| 260 ## - PUBLICATION, DISTRIBUTION, ETC. (IMPRINT) | |
| Place of publication | Basingstoke ; |
| -- | New York : |
| Name of publisher | Palgrave Macmillan ; |
| Place of publication | Washington, DC : |
| Name of publisher | World Bank, |
| Year of publication | c2007. |
| 300 ## - PHYSICAL DESCRIPTION | |
| Number of Pages | xvii, 291 p. : |
| Other physical details | ill. |
| 490 1# - SERIES STATEMENT | |
| Series statement | Trade and development series |
| 650 #0 - SUBJECT ADDED ENTRY--TOPICAL TERM | |
| Topical Term | Service industries |
| Topical Term | Service industries |
| Topical Term | Free trade |
| Topical Term | International trade. |
| 700 1# - ADDED ENTRY--PERSONAL NAME | |
| Personal name | Mattoo, Aaditya. |
| Personal name | Payton, Lucy. |
| 856 40 - ELECTRONIC LOCATION AND ACCESS | |
| Uniform Resource Identifier | http://site.ebrary.com/lib/rucke/Doc?id=10170132 |
No items available.
